000 01023cam a22003137a 4500
003 CHAP
005 20220817041607.0
008 971013s r 00010 d
010 _a19070
011 _a20042
035 _a24129
040 _cCHAP
090 _aD-89
110 2 _aCentro Internacional de Agricultura Tropical
_921185
245 1 0 _aCruzamiento del frijol (Diapositiva)
260 _a(Cali :
_bCentro Internacional de Agricultura Tropical,
_c(s.a.)
300 _a140 diapositivas col. 2 x 2 plg. y cassette (guía del maestro)
590 _aBATCH-UPD
_b10
_c20130110
_lUCH01
_h0322
590 _aBATCH-UPD
_b10
_c20130409
_lUCH01
_h2355
590 _aBATCH-UPD
_b10
_c20130410
_lUCH01
_h1556
590 _aBATCH-UPD
_b10
_c20130914
_lUCH01
_h1440
590 _aCONVERSION
_b10
_c20130109
_lUCH01
_h1312
650 1 4 _aFrijol
_xGenética.
650 1 4 _aFrijol
_xHíbridos.
_943391
650 1 4 _aFrijol
_xMejoramiento.
_943404
901 _aBK
942 _cD
949 _aD-89
_bBC
_cD
_d-55791
_eD
_h59619
_i24129
_si
999 _c19070
_d19070